| 000 | 00383nam a2200133Ia 4500 | ||
|---|---|---|---|
| 005 | 20260328104259.0 | ||
| 008 | 260328s9999||||xx |||||||||||||| ||und|| | ||
| 100 | _aTorres, Laura | ||
| 245 | 0 |
_aVentanas sobre el Territorio : _b herramientas teóricas para comprender las tierras secas. / _cLaura Torres |
|
| 260 | _bEdiunc | ||
| 300 | _a271 p. | ||
| 650 | _aURBANISMO | ||
| 942 | _cBK | ||
| 999 |
_c10561 _d10561 |
||